Design and Development of Biodiesel Processing Plant and Linear Optimization of Screw Press / (Record no. 541149)

000 -LEADER
fixed length control field 00506nam a22001457a 4500
082 ## - DEWEY DECIMAL CLASSIFICATION NUMBER
Classification number 670
100 ## - MAIN ENTRY--PERSONAL NAME
Personal name Ihsan, Abbas
245 ## - TITLE STATEMENT
Title Design and Development of Biodiesel Processing Plant and Linear Optimization of Screw Press /
Statement of responsibility, etc. Abbas Ihsan
260 ## - PUBLICATION, DISTRIBUTION, ETC.
Place of publication, distribution, etc. Islamabad :
Name of publisher, distributor, etc. SMME - NUST,
Date of publication, distribution, etc. 2012.
300 ## - PHYSICAL DESCRIPTION
Extent 71 p. ;
Dimensions 30cm.
650 ## - SUBJECT ADDED ENTRY--TOPICAL TERM
Topical term or geographic name entry element Industrial & Manufacturing Engineering-MS-Thesis
700 ## - ADDED ENTRY--PERSONAL NAME
Personal name Dr. Riaz Ahmad
942 ## - ADDED ENTRY ELEMENTS (KOHA)
Source of classification or shelving scheme
Koha item type Thesis
650 ## - SUBJECT ADDED ENTRY--TOPICAL TERM
-- 16120
700 ## - ADDED ENTRY--PERSONAL NAME
-- 20988
Holdings
Withdrawn status Lost status Source of classification or shelving scheme Damaged status Not for loan Permanent Location Current Location Shelving location Date acquired Full call number Barcode Date last seen Price effective from Non-public note Koha item type
          Central Library (CL) Central Library (CL) Thesis 11/20/2020 670 CL-T-1586 11/20/2020 11/20/2020 Minute Sheet No. 0929/02/CL/Survey/5 dated 23rd April 2024 E-MIN ID 114741 Thesis
© 2023 Central Library, National University of Sciences and Technology. All Rights Reserved.